000 01102nam a2200289 a 4500
001 000046662
003 DO-SdBNP
005 20260321073643.0
008 090715s2014 dr ac 000 0bspa d
020 _a9789945468427
040 _aDO-SdBNP
_bspa
_cBNPHU
082 _aBNPHU PD 923.27293
_bB742G, 2014
100 1 _aGutiérrez Félix, Euclides,
_d1936-
_95673
245 1 0 _aJuan Bosch :
_bperfil biográfico /
_cEuclides Gutiérrez Féliz ; ilustraciones José Mercader.
250 _a4a ed.
260 _aSanto Domingo :
_bTobogán
_bAlfa y Omega,
_c2014.
300 _a86 p. :
_bil., retrs. ;
_c24 cm.
490 0 _aBiografías dominicanas Tobogán ;
500 _aIncluye datos biografícos del autor e ilustrador.
505 0 _aEscritor político --
_tEl camino --
_tEl triunfador --
_tEl patriota --
_tEl maestro --
_tLa proceridad.
590 _aInventariado, 2018/ YL
600 1 0 _a Bosch, Juan,
_d1909-2001
_976555
651 4 _aRepública Dominicana
_xBiografías
_91325
700 1 2 _aMercader, José
_eil.
_956560
830 0 _aBiografías dominicanas Tobogán
_9769
942 _2ddc
_cLBS1
999 _c46151
_d46151